| 000 | nam a22 a 4500 | ||
|---|---|---|---|
| 999 |
_c2813 _d2813 |
||
| 005 | 20170518104749.0 | ||
| 008 | 170518s1987 us ||||| |||| 00| 0 eng d | ||
| 020 | _a0256034540 (pbk.) | ||
| 040 | _aAKMAL | ||
| 082 | _a657.8 HAY | ||
| 090 |
_a657.8 _bHAY |
||
| 100 | 1 |
_aHay, Leon Edwards, _d1923- _95938 |
|
| 245 | 1 | 0 |
_a Essentials of accounting for governmental and not-for-profit organizations / _cLeon E. Hay, John H. Engstrom. |
| 260 |
_aHomewood, Ill. : _bIrwin, _c1987 |
||
| 300 |
_ax, 310 p. ; _c24cm |
||
| 504 | _a Includes bibliographies and index. | ||
| 650 | 0 |
_aFinance, Public _xAccounting. _zUnited States _95939 |
|
| 650 | 0 |
_aAdministrative agencies _xAccounting _zUnited States . _95940 |
|
| 650 | 0 |
_aNonprofit organizations _xAccounting. _zUnited States _95941 |
|
| 700 | 1 |
_aEngstrom, John H. _95942 |
|
| 942 |
_2ddc _cBOOK |
||